[Event "BEL-ch U16"]
[Site "Houffalize"]
[Date "2009.04.16"]
[Round "5"]
[White "Deschepper, Annelore"]
[Black "Desmyter, Thomas"]
[Result "1/2-1/2"]
[WhiteElo "1694"]
[BlackElo "1511"]
[PlyCount "44"]
[EventDate "2009.04.13"]
[EventType "swiss"]
[EventRounds "9"]
[EventCountry "BEL"]
[SourceTitle "EXT 2012"]
[Source "ChessBase"]
[SourceDate "2011.11.24"]
[SourceVersion "1"]
[SourceVersionDate "2011.11.24"]
[SourceQuality "1"]

1. e4 e6 2. d4 d5 3. exd5 exd5 4. Bd3 Bd6 5. Ne2 Nf6 6. 0-0 0-0 7. Bf4 Re8 8. Bxd6 Qxd6 9. c3 c6 10. Nd2 Bg4 11. Re1 Nbd7 12. Qc2 Bh5 13. Ng3 Bg6 14. Nf5 Qc7 15. Ne7+ Kh8 16. Nxg6+ hxg6 17. Nf3 Qf4 18. Qd2 Qxd2 19. Nxd2 Nb6 20. b3 Kg8 21. g3 Rac8 22. Bf1 Rcd8 1/2-1/2

[Event "BEL-ch U16"]
[Site "Houffalize"]
[Date "2009.04.16"]
[Round "6"]
[White "Van de Moortel, Soraya"]
[Black "Desmyter, Thomas"]
[Result "0-1"]
[WhiteElo "1754"]
[BlackElo "1511"]
[PlyCount "66"]
[EventDate "2009.04.13"]
[EventType "swiss"]
[EventRounds "9"]
[EventCountry "BEL"]
[SourceTitle "EXT 2012"]
[Source "ChessBase"]
[SourceDate "2011.11.24"]
[SourceVersion "1"]
[SourceVersionDate "2011.11.24"]
[SourceQuality "1"]

1. Nf3 Nf6 2. g3 d5 3. Bg2 c5 4. d3 Nc6 5. 0-0 e6 6. Nbd2 Be7 7. e4 0-0 8. Re1 Re8 9. e5 Nd7 10. h4 a5 11. Nf1 f6 12. exf6 Nxf6 13. Bh3 Bd6 14. Bg5 h6 15. Bxf6 Qxf6 16. Ne3 Rf8 17. Bg2 Nd4 18. Nxd4 Qxf2+ 19. Kh1 Qxg3 20. Ng4 Qxh4+ 21. Kg1 cxd4 22. Ne5 Bxe5 23. Rxe5 Qf2+ 24. Kh2 Rf4 25. Rh5 Rh4+ 26. Rxh4 Qxh4+ 27. Kg1 Bd7 28. Qd2 Rf8 29. Rf1 Rxf1+ 30. Kxf1 a4 31. Qe2 Qf4+ 32. Ke1 b5 33. a3 Qc1+ 0-1